000 00300nam a2200121Ia 4500
005 20260328104345.0
008 260328s9999||||xx |||||||||||||| ||und||
100 _aCuellar, Donna
245 0 _aGuia de Viaje :
_b Rio de Janeiro /
_cDonna Cuellar
300 _a128 p.
650 _aBRAZIL
942 _cBK
999 _c12263
_d12263